| 000 | 00712nam a2200241Ia 4500 | ||
|---|---|---|---|
| 003 | OSt | ||
| 005 | 20221007082300.0 | ||
| 006 | a|||||r|||| 00| 0 | ||
| 007 | ta | ||
| 008 | 221006b |||||||| |||| 00| 0 eng d | ||
| 024 | _a17,466 | ||
| 037 | _cReports / Technical Reports | ||
| 040 |
_aFLL _cFLL _beng |
||
| 041 |
_2eng _aeng |
||
| 082 | _aY1:4:5.2N55t, J5 | ||
| 110 |
_aIndia, Central Social Welfare, Board _9698965 |
||
| 245 | 0 | _aReport of the advisory committee on after-care programmes | |
| 260 | _c1955 | ||
| 300 |
_a421p _ccm. |
||
| 700 |
_aIndia, Central Social Welfare, Board _9698966 |
||
| 942 |
_hY1:4:5.2N55t, J5 _cREP _2CC |
||
| 999 |
_c1165908 _d1165908 |
||